[Event "Gernsheim U20 op 3rd"]
[Site "Gernsheim"]
[Date "2005.05.??"]
[Round "6"]
[White "Weiser, Pascal"]
[Black "Nazarenus, Moritz"]
[Result "0-1"]
[WhiteElo "1615"]
[BlackElo "2138"]
[PlyCount "100"]
[EventDate "2005.05.??"]
[EventType "swiss"]
[EventRounds "7"]
[EventCountry "GER"]
[SourceTitle "EXT 2007"]
[Source "ChessBase"]
[SourceDate "2006.11.23"]
[SourceVersion "1"]
[SourceVersionDate "2006.11.23"]
[SourceQuality "1"]

1. e4 c6 2. d4 d5 3. exd5 cxd5 4. Bd3 Nc6 5. c3 Nf6 6. h3 g6 7. Nf3 Bg7 8. 0-0 0-0 9. Bf4 a6 10. Re1 Nh5 11. Qd2 Nxf4 12. Qxf4 Bd7 13. Nbd2 Qb8 14. Qxb8 Raxb8 15. a4 Bf6 16. a5 Rfd8 17. Re2 Kf8 18. Nb3 Rbc8 19. Nc5 Rc7 20. Kf1 Bc8 21. b4 Re8 22. b5 Nb8 23. b6 Rc6 24. Ne5 Rd6 25. f4 Bg7 26. Rae1 f6 27. Nxg6+ hxg6 28. Bxg6 Nc6 29. Bxe8 Kxe8 30. g4 Bh6 31. f5 Bg5 32. Ra1 Kf7 33. Ne6 Bxe6 34. fxe6+ Rxe6 35. Rxe6 Kxe6 36. Ke2 Kd6 37. Kd3 e5 38. dxe5+ Nxe5+ 39. Kc2 Kc5 40. Rh1 Bh4 41. Kb3 Nc4 42. Ka4 Ne3 43. Rc1 Kc4 44. Ka3 Bg3 45. Ka4 Be5 46. g5 fxg5 47. Rg1 Bf4 48. h4 g4 49. h5 Bh6 50. Rc1 g3 0-1

[Event "GER-chT U16"]
[Site "Burg Stargard"]
[Date "2002.12.29"]
[Round "5.2"]
[White "Skorzinski, Frederik"]
[Black "Weiser, Pascal"]
[Result "1-0"]
[WhiteElo "1524"]
[BlackElo "1238"]
[PlyCount "101"]
[EventDate "2002.12.27"]
[EventType "team-tourn"]
[EventRounds "7"]
[EventCountry "GER"]
[SourceTitle "CBM 092 Extra"]
[Source "ChessBase"]
[SourceDate "2003.03.07"]
[SourceVersion "1"]
[SourceVersionDate "2003.03.07"]
[SourceQuality "1"]

1. e4 e5 2. Nf3 Nc6 3. Bc4 Bc5 4. Nc3 d6 5. d3 Bg4 6. h3 Bh5 7. g4 Bg6 8. h4 h5 9. g5 Qd7 10. Qe2 Nd4 11. Nxd4 Bxd4 12. Nb5 Bb6 13. f4 exf4 14. Bxf4 Qg4 15. Qxg4 hxg4 16. 0-0-0 0-0-0 17. Rdf1 Ne7 18. Bg3 Rdf8 19. Kb1 f6 20. gxf6 Rxf6 21. Rxf6 gxf6 22. Be6+ Kb8 23. Bxg4 f5 24. exf5 Bxf5 25. Bxf5 Nxf5 26. Be1 c6 27. Nc3 d5 28. h5 Ba5 29. Bf2 Bxc3 30. bxc3 Rh6 31. Bd4 Nxd4 32. cxd4 Kc7 33. Kc1 Kd7 34. Kd2 Ke7 35. Ke3 Kf6 36. Kf4 Rh7 37. h6 b5 38. Rh5 Kg6 39. Kg4 a6 40. Re5 Rc7 41. Re6+ Kh7 42. Kg5 a5 43. a3 a4 44. c3 Kh8 45. Kg6 Rc8 46. h7 b4 47. cxb4 Rd8 48. Kh6 c5 49. dxc5 d4 50. Kg6 Rd6 51. Kf7 1-0

[Event "GER-chT U16"]
[Site "Burg Stargard"]
[Date "2002.12.29"]
[Round "6.2"]
[White "Weiser, Pascal"]
[Black "Dueck, Stefan"]
[Result "0-1"]
[WhiteElo "1238"]
[BlackElo "1759"]
[PlyCount "82"]
[EventDate "2002.12.27"]
[EventType "team-tourn"]
[EventRounds "7"]
[EventCountry "GER"]
[SourceTitle "CBM 092 Extra"]
[Source "ChessBase"]
[SourceDate "2003.03.07"]
[SourceVersion "1"]
[SourceVersionDate "2003.03.07"]
[SourceQuality "1"]

1. e4 e6 2. d4 d5 3. exd5 exd5 4. Bd3 Bd6 5. h3 Nf6 6. c3 0-0 7. Be3 Re8 8. Nf3 c5 9. 0-0 c4 10. Bc2 h6 11. Nbd2 Nc6 12. b3 cxb3 13. Nxb3 Na5 14. Bd3 Bd7 15. Nxa5 Qxa5 16. Qb3 b5 17. Rfc1 a6 18. Nd2 Rac8 19. a3 Rc7 20. Ra2 Rec8 21. Nb1 Be6 22. Qc2 Ne4 23. Bd2 Nxd2 24. Qxd2 Rc6 25. Rac2 Qc7 26. Qe1 Qe7 27. Qe3 Qf6 28. a4 Bf5 29. Qf3 Bxd3 30. Qxd3 b4 31. Rb2 a5 32. Rb3 Qe6 33. Qe3 Qg6 34. Qd2 Rc4 35. Rb2 R8c7 36. Kf1 Qf6 37. Kg1 bxc3 38. Nxc3 Qxd4 39. Qxd4 Rxd4 40. g3 Rdc4 41. Rb3 Be5 0-1

[Event "GER-chT U16"]
[Site "Burg Stargard"]
[Date "2002.12.28"]
[Round "4.2"]
[White "Duda, Conrad"]
[Black "Weiser, Pascal"]
[Result "0-1"]
[WhiteElo "1349"]
[BlackElo "1238"]
[PlyCount "120"]
[EventDate "2002.12.27"]
[EventType "team-tourn"]
[EventRounds "7"]
[EventCountry "GER"]
[SourceTitle "CBM 092 Extra"]
[Source "ChessBase"]
[SourceDate "2003.03.07"]
[SourceVersion "1"]
[SourceVersionDate "2003.03.07"]
[SourceQuality "1"]

1. c4 e5 2. Nc3 g6 3. g3 Bg7 4. Bg2 Nc6 5. Nf3 d6 6. 0-0 Be6 7. d3 Nf6 8. Rb1 0-0 9. Bd2 Qd7 10. b4 Bh3 11. a4 Bxg2 12. Kxg2 Ne8 13. Qc1 f5 14. Bh6 Rf7 15. Bxg7 Nxg7 16. Nd5 f4 17. Ng5 Rff8 18. Ne4 Nh5 19. Qd2 Nd4 20. Qa2 f3+ 21. exf3 Rxf3 22. c5 Kg7 23. cxd6 cxd6 24. Rbc1 Rc8 25. Rxc8 Qxc8 26. Ng5 Rxd3 27. Ne7 Qf8 28. Ne6+ Nxe6 29. Qxe6 Qf7 30. Qd7 Kf6 31. Qb5 Rd4 32. Nc8 a6 33. Qa5 Qd5+ 34. Qxd5 Rxd5 35. Nb6 Rd4 36. Rc1 Ke6 37. Rb1 Nf6 38. Kf3 Nd5 39. Nxd5 Kxd5 40. Ke3 Kc4 41. f4 exf4+ 42. gxf4 Kd5 43. Rb2 b5 44. a5 Rc4 45. Kf3 Ke6 46. Kg4 d5 47. Kg5 d4 48. h4 d3 49. f5+ gxf5 50. h5 Rc2 51. Rb3 Rg2+ 52. Kh6 d2 53. Rd3 f4 54. Kxh7 f3 55. h6 Ke5 56. Kh8 Ke4 57. h7 Rh2 58. Rd7 f2 59. Rxd2 f1Q 60. Rxh2 Qf8# 0-1